History Quiz

Random History Quiz

'We Didn't Start the Fire' Images Quiz Stats

 Plays Quiz Updated Jan 11, 2019

Support Sporcle.
Go Orange.
Score 0/24 Timer 04:00
0 Plays Today
% Correct
Marilyn Monroe
94.8%
Richard Nixon
88.5%
Red China
85.2%
television
83.5%
South Korea
83.4%
Harry Truman
79.6%
Joe DiMaggio
77.2%
North Korea
76.1%
Eisenhower
76%
England's got a new queen
71.9%
The Catcher in the Rye
69.7%
Doris Day
69.3%
% Correct
The King and I
61.5%
Brando
51.7%
vaccine
48.8%
Johnnie Ray
46.2%
H-bomb
46.1%
Studebaker
43.4%
Joe McCarthy
42.8%
Rosenbergs
41.5%
South Pacific
37.8%
Sugar Ray
35.1%
Walter Winchell
29.1%
Panmunjom
14.8%

From the Vault

Things That Are Red

by MSUKent

Just try to be careful and don't play this quiz with any bulls hanging around.
Remove Ads.
Support Sporcle.
Get the best of Sporcle when you Go Orange. This ad-free experience offers more features, more stats, and more fun while also helping to support Sporcle. Thank you for becoming a member.

Show Comments

Extras

Top Quizzes Today


Score Distribution

Your Account Isn't Verified!

In order to create a playlist on Sporcle, you need to verify the email address you used during registration. Go to your Sporcle Settings to finish the process.

Report this User

Report this user for behavior that violates our Community Guidelines.

Details: